Royals: Dänische Königsfamilie - Statistiken

Allgemein
  • Dieses Quiz wurde 30 mal gespielt
  • Das Durchschnittsergebnis liegt bei 8 aus 14
Antwortstatistiken
Bildquiz Antwort % Korrekt
Königin {Mary}
93%
Prinz {Christian}
89%
König {Frederik}
85%
Königin {Margrethe}
78%
Prinzessin {Isabella}
74%
Prinzessin {Josephine}
59%
Prinzessin {Marie}
56%
Prinz {Vincent}
52%
Gräfin {Athena}
48%
Prinz {Joachim}
44%
Graf {Nikolai}
41%
Graf {Henrik}
37%
Graf {Felix}
33%
Prinzessin {Benedikte}
22%
Keine übereinstimmenden Quizze gefunden
Verteilung der Resultate
Anzahl Personen mit jedem Resultat
Perzentil nach korrekt beantworteten Fragen
Ihre Resultats-Entwicklung
Sie haben dieses Quiz noch nicht gespielt